Conversie naar minimaal invasief

Bibliographic Details
Main Author: Bemelman, Willem.
Corporate Author: ProQuest (Firm)
Format: Electronic eBook
Language:Dutch
Published: Amsterdam : Vossiuspers UvA, 2008.
Subjects:
Online Access:Click to View
LEADER 01083nam a2200313 a 4500
001 EBC419950
003 MiAaPQ
005 20200520144314.0
006 m o d |
007 cr cn|||||||||
008 091013s2008 ne s 000 0 dut d
020 |z 9789056295141 
020 |z 9789048507696 
035 |a (MiAaPQ)EBC419950 
035 |a (Au-PeEL)EBL419950 
035 |a (CaPaEBR)ebr10302679 
035 |a (CaONFJC)MIL199111 
035 |a (OCoLC)476251039 
040 |a MiAaPQ  |c MiAaPQ  |d MiAaPQ 
050 4 |a RD33.53  |b .B46 2008 
100 1 |a Bemelman, Willem. 
245 1 0 |a Conversie naar minimaal invasief  |h [electronic resource] /  |c Willem Bemelman. 
260 |a Amsterdam :  |b Vossiuspers UvA,  |c 2008. 
300 |a 25 p. 
533 |a Electronic reproduction. Ann Arbor, MI : ProQuest, 2015. Available via World Wide Web. Access may be limited to ProQuest affiliated libraries. 
650 0 |a Endoscopic surgery. 
655 4 |a Electronic books. 
710 2 |a ProQuest (Firm) 
856 4 0 |u https://ebookcentral.proquest.com/lib/matrademy/detail.action?docID=419950  |z Click to View